000 00668nam a22002057a 4500
999 _c11110
_d11110
003 AR-CdUCM
008 190402b ||||| |||| 00| 0 spa d
040 _aMUNICIPALIDAD PROVINCIAL DEL CUSCO
_cBIBLIOTECA MUNICIPAL DEL CUSCO
082 _aEP / 385.9 /
_bD73
100 _aDouget, Miguel
_928284
245 _aLa locomoción a través de los siglos /
260 _aBarcelona :
_bTimun Mas,
_c1959.
300 _bIlustraciones,
_c26 cm.
440 _aMi Universo
_928285
505 _aContenido :La locomoción a través de los siglos /
650 _aEducación primaria
_91561
650 _aTransporte ferroviario
_928286
942 _2ddc
_cLIBROS
945 _arjall